000
00313nam a2200121Ia 4500
008
190216s9999||||xx |||||||||||||| ||und||
100
_a
Abdul Aziz
245
0
_a
Kendra Samsthana Dhanakarya Pravarthanam Indiayil
260
_b
Kerala Bhasha Institute
_c
1975
300
_a
439p
650
_a
Economics
942
_c
BK
999
_c
40265
_d
40265